书目信息 |
| 题名: |
中国军事思想简史
|
|
| 作者: | 姜国柱 著 | |
| 分册: | ||
| 出版信息: | 北京 新世界出版社 2006 |
|
| 页数: | 400页 | |
| 开本: | 25cm | |
| 丛书名: | ||
| 单 册: | ||
| 中图分类: | E092.2 | |
| 科图分类: | ||
| 主题词: | 军事思想史--中国--古代 , 军事思想史 | |
| 电子资源: | ||
| ISBN: | 7-80187-994-5 | |
| 000 | 00777nam0 2200229 450 | |
| 001 | 010040030597 | |
| 005 | 20061118171446.57 | |
| 010 | @a7-80187-994-5@dCNY49.80 | |
| 100 | @a20060216d2006 em y0chiy0110 ea | |
| 101 | 0 | @achi |
| 102 | @aCN@b110000 | |
| 105 | @ay z 000yy | |
| 200 | 1 | @a中国军事思想简史@9zhong guo jun shi si xiang jian shi@f姜国柱著 |
| 210 | @a北京@c新世界出版社@d2006 | |
| 215 | @a400页@d25cm | |
| 330 | @a本书概述了中国从上古时代的原始战争到清代军事思想发展的历史演变,揭示了中国历代的军事谋略智慧、战争战略计策、作战指挥艺术等,展现了中国兵学发展的历史画卷。 | |
| 606 | 0 | @a军事思想史@y中国@z古代 |
| 606 | 0 | @a军事思想史 |
| 690 | @aE092.2@v4 | |
| 701 | 0 | @a姜国柱@9jiang guo zhu@4著 |
| 801 | 0 | @aCN@bRENTIAN@c20061118 |
| 905 | @a10447@dE092.2@e14 | |
| 中国军事思想简史/姜国柱著.-北京:新世界出版社,2006 |
| 400页;25cm |
| ISBN 7-80187-994-5:CNY49.80 |
| 本书概述了中国从上古时代的原始战争到清代军事思想发展的历史演变,揭示了中国历代的军事谋略智慧、战争战略计策、作战指挥艺术等,展现了中国兵学发展的历史画卷。 |
| ● |
| 相关链接 |
|
|
|
|
正题名:中国军事思想简史
索取号:E092.2/14
 
预约/预借
| 序号 | 登录号 | 条形码 | 馆藏地/架位号 | 状态 | 备注 |
| 1 | 0391826 | 203918261 | 第一样本阅览室/ [索取号:E092.2/14] | 在馆 | |
| 2 | 0391827 | 203918270 | 第一借阅区/ [索取号:E092.2/14] | 在馆 | |
| 3 | 0391828 | 203918289 | 第一借阅区/ [索取号:E092.2/14] | 在馆 | |
| 4 | 0391829 | 203918298 | 第一借阅区/ [索取号:E092.2/14] | 在馆 | |
| 5 | 0391830 | 203918305 | 第一借阅区/ [索取号:E092.2/14] | 在馆 |